|
|
|
|
| LEADER |
01080nam a2200265 i 4500 |
| 001 |
c000375710 |
| 003 |
CARM |
| 005 |
00000000000000.0 |
| 008 |
780224s1977 ne b 00000 eng |
| 015 |
|
|
|a Ne***
|
| 019 |
1 |
|
|a 1159928
|5 LACONCORD2021
|
| 020 |
|
|
|a 9004050655
|
| 035 |
|
|
|a (OCoLC)3568595
|5 LACONCORD2021
|
| 043 |
|
|
|a aw-----
|
| 050 |
0 |
0 |
|a HN656.Z9
|b S63
|
| 245 |
0 |
0 |
|a Commoners, climbers and notables :
|b a sampler of studies on social ranking in the Middle East /
|c edited by C. A. O. van Nieuwenhuijze.
|
| 260 |
|
|
|a Leiden :
|b E. J. Brill,
|c 1977.
|
| 300 |
|
|
|a xi, 412 p. ;
|c 25 cm.
|
| 490 |
0 |
|
|a Social, economic and political studies of the Middle East ;
|v v. 21
|
| 504 |
|
|
|a Includes bibliographies.
|
| 650 |
|
0 |
|a Social classes
|z Middle East.
|
| 700 |
1 |
|
|a Nieuwenhuijze, C. A. O. van
|q (Christoffel Anthonie Olivier),
|d 1920-
|
| 852 |
8 |
|
|b CARM
|h A1:AN03F0
|i C09620
|p 0410658
|f BK
|
| 999 |
f |
f |
|i 24304d11-5844-5a50-97d6-d0675bc4bea5
|s 1c329905-6bb4-55e4-a298-6f2e15fe965f
|
| 952 |
f |
f |
|p Can circulate
|a CAVAL
|b CAVAL
|c CAVAL
|d CARM 1 Store
|e C09620
|f A1:AN03F0
|h Other scheme
|i book
|m 0410658
|